| 000 | 00745nam a2200181 4500 | ||
|---|---|---|---|
| 999 |
_c5962 _d5962 |
||
| 008 | 161205b xxu||||| |||| 00| 0 eng d | ||
| 022 | _a00014826 | ||
| 082 | _aDPer 657.05 Ac27 Jan 2016 v. 91, n.1 | ||
| 100 |
_918093 _aFeltham, Gerard A. |
||
| 245 |
_aPerformance aggregation and decentralized contracting/ _cGerard A. Feltham, Christian Hofmann and Raffi J. Indjejikian. |
||
| 260 |
_aSarasota, Florida: _bAmerican Accounting Association, _c©2016. |
||
| 300 |
_av91 n1, pages 99-117; _c28 cm. |
||
| 500 | _aThe Accounting review: a journal of American accounting association. | ||
| 650 | 0 |
_918094 _aPerformance |
|
| 700 |
_918095 _aHofmann, Christian _eAuthor |
||
| 700 |
_918096 _aIndjejikian, Raffi J. _eAuthor |
||
| 942 |
_2ddc _cPER |
||